| 000 | 00352nam a2200121 a 4500 | ||
|---|---|---|---|
| 001 | 000035094 | ||
| 005 | 20200930074111.0 | ||
| 008 | 111025s1983 000 spa d | ||
| 245 | 4 | _aLos papeles de valencia el mudo. | |
| 260 |
_aLa Habana, _c1983. |
||
| 590 | _aPerteneció a la biblioteca personal de Juan Isidro Jimenes Grullón | ||
| 999 |
_c34585 _d34585 |
||
| 040 | _aDO-SdBNP | ||